000 03184cgm a2200733Ia 4500
003 data
005 20260322212020.0
007 data
008 data
020 _a1415727716
020 _a9781415727713
024 1 _a097361207742
024 1 _a097361207766
028 4 2 _a12077
_bParamount Home Entertainment
037 _bMidwest Tape
_nhttp://www.midwesttapes.com
040 _aTEFMT
_cTEFMT
_dAHS
_dOCLCQ
_dDAC
_dOCLCQ
_dTEF
_dAHS
041 1 _afre
_afre
_jeng
_heng
043 _an-usp--
050 1 4 _aPN1995.9.W4
_bT784 2007
082 0 4 _a791.43/72
_222
090 _aDVD 679
245 1 0 _aTrue grit
_h[videorecording] /
_cHal B. Wallis ... [et al.].
250 _aSpecial collector's ed. ; Widescreen.
260 _aHollywood, Calif. :
_bParamount Home Entertainment,
_c[2007]
300 _a1 videodisc (127 min.) :
_bsd., col. ;
_c4 3/4 in.
490 1 _aJohn Wayne collection.
500 _aTitle from container.
500 _aFrom the novel by Charles Portis.
500 _aOriginally released as a motion picture in 1969.
500 _aSpecial features: Commentary by Jeb Rosebrook, Bob Boze Bell and J. Stuart Rosebrook; True writing; working with the Duke; "Aspen gold:" the locations of True grit; "The law and the lawless;" theatrical trailer.
508 _aMusic score, Elmer Bernstein ; title song, Glen Campbell.
511 1 _aJohn Wayne, Glen Campbell, Kim Darby, Jeremy Slate, Robert Duvall, Strother Martin.
520 _aU.S. Marshal Rooster Cogburn helps a headstrong young girl find the man who murdered her father in Native American territory and fled with the family savings. When Rooster's employer insists on accompanying the old gunfighter, sparks fly. The situation goes from troubled to disastrous when an inexperienced Texas Ranger joins the party.
521 8 _aMPAA rating: G.
538 _aDVD, region 1, widescreen (16x9, enhanced) presentation; Dolby Digital 5.1 surround, Dolby Digital mono., NTSC.
546 _aEnglish (Dolby 5.1, Dolby mono.) or French (Dolby mono.) dialogue, English subtitles; closed-captioned.
650 0 _aMarshals
_vDrama.
_zWest (U.S.)
650 0 _aMurder
_xInvestigation
_vDrama.
_zWest (U.S.)
650 0 _aCriminal behavior
_vDrama.
_zWest (U.S.)
650 0 _aMan-woman relationships
_vDrama.
_zWest (U.S.)
651 0 _aWest (U.S.)
_vDrama.
655 0 _aWestern films.
655 0 _aFeature films.
655 0 _aFiction films.
655 0 _aVideo recordings for the hearing impaired.
655 7 _aWestern
_vFeature.
_2migfg.
655 7 _aCrime
_vFeature.
_2migfg.
655 7 _aFeature films.
_2gsafd.
655 7 _aWestern films.
_2gsafd.
700 1 _aWallis, Hal B.,
_d1899-1986.
700 1 _aRoberts, Marguerite,
_d-1989.
700 1 _aHathaway, Henry,
_d1898-1985.
700 1 _aWayne, John,
_d1907-1979.
700 1 _aCampbell, Glen,
_d1936-
700 1 _aDarby, Kim,
_d1947-
700 1 _aSlate, Jeremy.
700 1 _aDuvall, Robert.
700 1 _aMartin, Strother,
_d1919-1980.
700 1 _aPortis, Charles.
710 2 _aParamount Pictures Corporation.
710 2 _aParamount Home Entertainment (Firm)
830 0 _aJohn Wayne collection.
001 data
999 _c443
_d443